<?xml version="1.0" encoding="UTF-8"?>
<record
    xmlns:xsi="http://www.w3.org/2001/XMLSchema-instance"
    xsi:schemaLocation="http://www.loc.gov/MARC21/slim http://www.loc.gov/standards/marcxml/schema/MARC21slim.xsd"
    xmlns="http://www.loc.gov/MARC21/slim">

  <leader>00779nam a2200229Ia 4500</leader>
  <controlfield tag="003">OSt</controlfield>
  <controlfield tag="005">20250916145155.0</controlfield>
  <controlfield tag="008">210719s2003    xx            000 0 und d</controlfield>
  <datafield tag="040" ind1=" " ind2=" ">
    <subfield code="c">AL</subfield>
  </datafield>
  <datafield tag="041" ind1=" " ind2=" ">
    <subfield code="a">Tulu</subfield>
  </datafield>
  <datafield tag="082" ind1=" " ind2=" ">
    <subfield code="a">T894.2 GANL</subfield>
  </datafield>
  <datafield tag="100" ind1=" " ind2=" ">
    <subfield code="a">GANGADHAR KIDIYUR</subfield>
    <subfield code="d">&#xC97;&#xC82;&#xC97;&#xCBE;&#xCA7;&#xCB0;&#xCCD; &#xC95;&#xCBF;&#xCA6;&#xCBF;&#xCAF;&#xCC2;&#xCB0;&#xCCD; </subfield>
    <subfield code="9">238812</subfield>
  </datafield>
  <datafield tag="245" ind1=" " ind2=" ">
    <subfield code="a">illagonji Yodhe</subfield>
    <subfield code="b">&#xC87;&#xCB2;&#xCCD;&#xCB2;&#xC97;&#xCCA;&#xC82;&#xC9C;&#xCBF; &#xCAF;&#xCCB;&#xCA7;&#xCC6;</subfield>
  </datafield>
  <datafield tag="260" ind1=" " ind2=" ">
    <subfield code="a">Udupi</subfield>
    <subfield code="b">Madhushri Prakashana</subfield>
    <subfield code="c">2003</subfield>
  </datafield>
  <datafield tag="300" ind1=" " ind2=" ">
    <subfield code="a">47</subfield>
    <subfield code="b">PB</subfield>
  </datafield>
  <datafield tag="365" ind1=" " ind2=" ">
    <subfield code="b">20</subfield>
    <subfield code="c">Rs</subfield>
  </datafield>
  <datafield tag="650" ind1=" " ind2=" ">
    <subfield code="a">&#xCA8;&#xCC0;&#xCA4;&#xCBF;&#xCAC;&#xCCB;&#xCA7;&#xC95; &#xCB8;&#xCBE;&#xCAE;&#xCBE;&#xC9C;&#xCBF;&#xC95; &#xCA8;&#xCBE;&#xC9F;&#xC95; nitibodaka samajika nataka</subfield>
    <subfield code="9">238813</subfield>
  </datafield>
  <datafield tag="650" ind1=" " ind2=" ">
    <subfield code="a">Ellagonji Yodhe</subfield>
    <subfield code="9">238828</subfield>
  </datafield>
  <datafield tag="650" ind1=" " ind2=" ">
    <subfield code="a">Tulu Drama</subfield>
    <subfield code="9">238814</subfield>
  </datafield>
  <datafield tag="906" ind1=" " ind2=" ">
    <subfield code="a">Illgonji ; Janapriya ; nataka ; nitibodaka ; samajika ; tulu ; Yodhe</subfield>
  </datafield>
  <datafield tag="942" ind1=" " ind2=" ">
    <subfield code="2">ddc</subfield>
    <subfield code="c">BK</subfield>
  </datafield>
  <datafield tag="999" ind1=" " ind2=" ">
    <subfield code="c">214724</subfield>
    <subfield code="d">214724</subfield>
  </datafield>
  <datafield tag="952" ind1=" " ind2=" ">
    <subfield code="0">0</subfield>
    <subfield code="1">0</subfield>
    <subfield code="2">ddc</subfield>
    <subfield code="4">0</subfield>
    <subfield code="7">0</subfield>
    <subfield code="8">Tulu</subfield>
    <subfield code="a">AL</subfield>
    <subfield code="b">AL</subfield>
    <subfield code="c">SSS</subfield>
    <subfield code="d">2008-05-28</subfield>
    <subfield code="g">20.00</subfield>
    <subfield code="l">0</subfield>
    <subfield code="o">T894.2 GANL</subfield>
    <subfield code="p">D03338</subfield>
    <subfield code="r">2021-07-19 00:00:00</subfield>
    <subfield code="w">2021-07-19</subfield>
    <subfield code="y">DB</subfield>
    <subfield code="z">Donated by Dr Mahalinga Bhat</subfield>
  </datafield>
</record>
